000 00876cam a2200289 4500
001 2244
003 BD-RjUL
005 20211208233518.0
008 131210s1970 enk b 001 0 eng d
020 _a0043010210
035 _a(BD-RjUL)2271
040 _aDLC
_cDLC
_dDLC
_dBD-RjUL
_beng
041 _aeng
082 0 0 _a301.55
_bCOS 1970
100 1 _aCotgrove, Stephen F.
_97307
245 1 0 _aScience, industry, and society:
_bstudies in the sociology of science /
_cby Stephen Cotgrove and Steven Box.
260 _aLondon :
_bAllen & Unwin,
_c1970.
300 _axii, 211 p. ;
_c22 cm.
350 _a50/-
504 _aIncludes bibliographical references and index.
650 0 _aScientists.
_97308
650 0 _aScience
_xVocational guidance.
_97309
700 1 _aBox, Steven,
_ejoint author.
_97310
942 _2ddc
_cBK
999 _c2244
_d2244